National Parks located Entirely on Islands - Statistics

General Stats
  • This quiz has been taken 24 times
  • The average score is 5 of 7
Answer Stats
National Park % Correct
Channel Islands
95%
Dry Tortugas
82%
Hawaii Volcanoes
82%
American Samoa
77%
Isle Royale
77%
Virgin Islands
68%
Haleakalā
64%
No matching quizzes found
Score Distribution
Percent of People with Each Score
Percentile by Number Answered
Your Score History
You have not taken this quiz